000 01697nam a2200229Ia 4500
008 220216s9999 xx 000 0 und d
100 _aSathik M.B.M
245 0 _aDevelopments in research on abiotic stress responsive microRNAs of Hevea brasiliensis
260 _bIndian Journal of Plant Physiology
_c2017
300 _a470-483
500 _aSource Year: 2017
520 _aAbiotic stress such as drought and low temperature are the major environmental factors that restrict the expansion of Hevea brasiliensis (rubber tree) cultivation to non-traditional regions of India. The H. brasiliensis cultivars, which are proven superior in traditional regions, do not perform well in such regions and hence it is imperative to find/develop stress tolerant cultivars spcifically for these regions. Marker assisted selection for stress tolerance is widely employed to minimize time required to develop such cultivars with desired traits. In this review, developments in abiotic stress responsive gene expression studies in Hevea with special reference to miRNA research are discussed. The recent researches in this field have revealed the nature of abiotic stress responsive miRNAs and their possible role on their corresponding target genes. These attempts indicate the possibility of employing specific stress tolerance associated miRNAs in the crop improvement programmes by the breeders to identify or develop drought/cold-tolerant cultivars of H. brasiliensis.
650 _aAbiotic stress
650 _aCold stress
650 _aDrought
650 _aGene expression
650 _aHevea brasiliensis
650 _aMicroRNA
700 _aKuruvilla L
856 _uCopy
942 _cJS
999 _c57109
_d57109